[Event "ch-USA w 2018"]
[Site "Saint Louis USA"]
[Date "2018.04.23"]
[Round "6.3"]
[White "Zatonskih,A"]
[Black "Krush,I"]
[Result "0-1"]
[WhiteElo "2444"]
[BlackElo "2422"]

1.d4 Nf6 2.Nf3 e6 3.e3 d5 4.c4 a6 5.b3 c5 6.cxd5 exd5 7.Bb2 Nc6 8.Nbd2 cxd4
9.Nxd4 Bd6 10.Be2 O-O 11.O-O Re8 12.Nxc6 bxc6 13.Qc2 Bd7 14.Rfd1 Qe7 15.Nf1 Ne4
16.Bd3 Qh4 17.f3 Ng5 18.Qf2 Qh6 19.f4 Ne4 20.Bxe4 Rxe4 21.Rac1 a5 22.Nd2 Ree8
23.Nf3 a4 24.Bd4 Ba3 25.Rc3 Qd6 26.Be5 Qe7 27.Rc2 f6 28.Bd4 axb3 29.axb3 Rab8
30.Nd2 c5 31.Bb2 Bf5 32.e4 dxe4 33.Qe3 Bxb2 34.Rxb2 Rbd8 35.Rc1 Rd3 36.Qxc5 Qxc5+
37.Rxc5 e3 38.Nf1 e2 39.Rxe2 Rxe2 40.Rxf5 Rd1  0-1

[Event "ch-USA w 2018"]
[Site "Saint Louis USA"]
[Date "2018.04.25"]
[Round "7.3"]
[White "Krush,I"]
[Black "Foisor,S"]
[Result "1/2-1/2"]
[WhiteElo "2422"]
[BlackElo "2308"]

1.c4 c6 2.d4 d5 3.cxd5 cxd5 4.Nf3 e6 5.Nc3 Nc6 6.Bf4 Bd6 7.Bxd6 Qxd6 8.e3 Nge7
9.Bd3 f6 10.O-O O-O 11.Rc1 Bd7 12.a3 Be8 13.Qc2 h6 14.b4 Bh5 15.Nd2 e5 16.b5 Na5
17.Qa4 b6 18.Qb4 Rfd8 19.Qxd6 Rxd6 20.Rfe1 Rdd8 21.Na2 Rac8 22.Nb4 Kf7 23.Bb1 Ke6
24.Ba2 Rxc1 25.Rxc1 Kd6 26.f3 exd4 27.exd4 Be8 28.a4 Bf7 29.g4 h5 30.Kf2 Be6
31.h3 g5 32.Nf1 Ng6 33.gxh5 Nf4 34.Ng3 Rh8 35.Bb1 Nxh5 36.Nf5+ Bxf5 37.Bxf5 Ng7
38.Rc8 Rxc8 39.Bxc8 Kc7 40.Ba6 Kd6 41.f4 Nf5 42.fxg5 fxg5 43.Kf3 Nb3 44.Kg4 Nbxd4
45.Kxg5 Ke5 46.Nc6+ Ke4 47.Nxd4 Nxd4 48.h4 Nf3+ 49.Kg4 Ne5+ 50.Kg3 d4 51.Bb7+ Ke3
52.Bd5 d3 53.h5 Kd4 54.Bb3 Kc3 55.Bd1 Kd2 56.Bb3 Kc3 57.Bd1 Kd2 58.Bb3 Kc3  1/2-1/2

[Event "ch-USA w 2018"]
[Site "Saint Louis USA"]
[Date "2018.04.26"]
[Round "8.1"]
[White "Wang,Annie"]
[Black "Krush,I"]
[Result "1-0"]
[WhiteElo "2321"]
[BlackElo "2422"]

1.d4 Nf6 2.c4 e6 3.Nc3 Bb4 4.Qc2 c5 5.dxc5 Qc7 6.e3 Bxc5 7.Nf3 a6 8.Bd3 b6
9.b3 Bb7 10.Bb2 Be7 11.O-O d6 12.Rfd1 Nbd7 13.Rac1 Nc5 14.Be2 O-O 15.Nd4 Rfd8
16.Ba1 Rac8 17.Bf3 Bxf3 18.Nxf3 Qb7 19.Qe2 Nfe4 20.Nxe4 Nxe4 21.Nd2 Nf6 22.e4 Rd7
23.Rc3 b5 24.Rg3 e5 25.Re3 Bd8 26.Re1 Bb6 27.Rd3 Bc5 28.Bc3 h6 29.Qf3 Rdd8
30.h3 Nh7 31.Qg4 Ng5 32.Rg3 Qe7 33.Rf1 Ne6 34.Kh1 g6 35.Qf3 Nf4 36.Rg4 Nh5
37.Qd3 Kh7 38.cxb5 axb5 39.Ba5 Rf8 40.Qxb5 Qa7 41.Kg1 Bd4 42.Nc4 Rxc4 43.bxc4 Rb8
44.Qd5 Rb2 45.Bd8 Qd7 46.Qa8 Ba7 47.Bh4 Rxa2 48.Qf8 Bc5 49.Rb1 Ba7 50.Kh2 Ra4
51.Be7 Qe6 52.Rb7 Bxf2 53.Rb8  1-0

[Event "ch-USA w 2018"]
[Site "Saint Louis USA"]
[Date "2018.04.27"]
[Round "9.3"]
[White "Krush,I"]
[Black "Abrahamyan,T"]
[Result "1-0"]
[WhiteElo "2422"]
[BlackElo "2366"]

1.d4 Nf6 2.c4 e6 3.Nc3 Bb4 4.e3 O-O 5.Nf3 d5 6.Bd2 b6 7.Rc1 Ba6 8.Qa4 Be7
9.cxd5 Bxf1 10.Kxf1 exd5 11.g3 c5 12.Kg2 Nbd7 13.Rhd1 a6 14.dxc5 Nxc5 15.Qd4 Qd6
16.Ne2 Rfe8 17.Bc3 Rad8 18.Nf4 Bf8 19.Qb4 Nce4 20.Qxd6 Rxd6 21.Bxf6 Nxf6
22.Rc7 h6 23.Rdc1 g5 24.Ne2 Ne4 25.g4 h5 26.h3 hxg4 27.hxg4 Nf6 28.Nxg5 Nxg4
29.R1c6 Rxc6 30.Rxc6 Re5 31.Nf3 Re6 32.Rxe6 fxe6 33.Nf4 Bg7 34.b3 Kf7 35.Ng5+ Ke7
36.Ngxe6 Be5 37.Kf3 Nf6 38.Ng5 Bb2 39.Ke2 Kd6 40.Nd3 Bc3 41.f4 b5 42.Kf3 a5
43.f5 Bd2 44.Ne6 Ne4 45.Nd4 b4 46.Kf4 Nc3 47.f6 Nd1 48.Nf5+ Ke6 49.Kg5 Nxe3
50.Nf4+  1-0

[Event "ch-USA w 2018"]
[Site "Saint Louis USA"]
[Date "2018.04.28"]
[Round "10.3"]
[White "Goletiani,R"]
[Black "Krush,I"]
[Result "0-1"]
[WhiteElo "2306"]
[BlackElo "2422"]

1.Nf3 Nf6 2.g3 d5 3.Bg2 e6 4.c4 dxc4 5.Qa4+ c6 6.Qxc4 b5 7.Qc2 Bb7 8.O-O Nbd7
9.b3 Be7 10.Bb2 O-O 11.Nc3 Qb6 12.d3 c5 13.e4 Rac8 14.Nd2 Nb8 15.Ne2 Nc6
16.a3 Rfd8 17.Rac1 Rd7 18.Nf3 Rcd8 19.Rfd1 b4 20.a4 Ba6 21.Nf4 Rc8 22.Rd2 Rdc7
23.h4 Nd4 24.Qd1 Nd7 25.Bh3 Bf6 26.Ne1 Ne5 27.Nfg2 Nec6 28.Rb1 Na5 29.Bc1 Naxb3
30.Rxb3 Nxb3 31.Qxb3 c4 32.dxc4 Bxc4 33.Qb1 Ba2 34.Qxa2 b3 35.Qa3 Rxc1 36.e5 Bxe5
37.a5 Qb8 38.Rd8+ Rxd8 39.Qxc1 b2 40.Qb1 Qc7 41.Nc2 Qxa5 42.Nge3 Qa1  0-1

[Event "ch-USA w 2018"]
[Site "Saint Louis USA"]
[Date "2018.04.29"]
[Round "11.3"]
[White "Krush,I"]
[Black "Yu,Jennifer"]
[Result "1/2-1/2"]
[WhiteElo "2422"]
[BlackElo "2367"]

1.d4 d5 2.c4 e6 3.Nf3 c6 4.e3 Nf6 5.Nbd2 Nbd7 6.Bd3 Bd6 7.O-O O-O 8.b3 b6
9.Bb2 Bb7 10.Ne5 Rc8 11.f4 c5 12.Nxd7 Qxd7 13.dxc5 Be7 14.cxb6 axb6 15.Qe2 g6
16.Bd4 Qd6 17.Rfd1 Nd7 18.cxd5 Bxd5 19.Nc4 Qb8 20.Ne5 Nxe5 21.Bxe5 Qa8 22.Bd4 Qa5
23.Rac1 Bb7 24.Rxc8 Rxc8 25.Bc4 Ba3 26.Qg4 Re8 27.h3 Be4 28.Kh2 h5 29.Qe2 Rc8
30.Be5 Qa8 31.Qf2 Qb7 32.Bb5 Rc2 33.Rd2 Rxd2 34.Qxd2 Qd5 35.Qxd5 exd5 36.Bd4 Bb1
37.Bxb6 Bxa2 38.Ba4 Kf8 39.Bd4 Ke7 40.g3 Bb4 41.Kg2 Bb1 42.g4 hxg4 43.hxg4 Bd3
44.Kf2 Ke6 45.Be5 Ke7 46.Bc6  1/2-1/2

[Event "46th Annual World Open"]
[Site "Philadelphia USA"]
[Date "2018.07.05"]
[Round "3.2"]
[White "Krush,I"]
[Black "Swiercz,D"]
[Result "0-1"]
[WhiteElo "2422"]
[BlackElo "2663"]

1.d4 Nf6 2.c4 g6 3.Nc3 d5 4.Bg5 Ne4 5.Bh4 Nxc3 6.bxc3 dxc4 7.e3 Be6 8.Be2 Nd7
9.Nf3 Nb6 10.O-O Bg7 11.a4 a5 12.Qc2 O-O 13.Rfb1 Qd7 14.e4 f5 15.Ng5 fxe4
16.Nxe6 Qxe6 17.Rb5 Kh8 18.Bg3 Qd7 19.Re1 Nc8 20.Rxb7 Nd6 21.Rbb1 Qf5 22.Qa2 e5
23.Bxc4 exd4 24.Be6 Qg5 25.cxd4 Bxd4 26.Rbd1 Qf6 27.Bd7 Rad8 28.Bh3 c5 29.Re2 Nf5
30.Rf1 Nxg3 31.hxg3 e3 32.f4 Bc3 33.Kh2 Bd2 34.Be6 Rd4 35.Rb1 h5 36.Rb6 h4
37.Qb1 hxg3+  0-1

[Event "46th Annual World Open"]
[Site "Philadelphia USA"]
[Date "2018.07.06"]
[Round "4"]
[White "Easton,Jack"]
[Black "Krush,I"]
[Result "1/2-1/2"]
[WhiteElo "2238"]
[BlackElo "2422"]

1.d4 Nf6 2.c4 e6 3.Nc3 Bb4 4.Qc2 c5 5.dxc5 Qc7 6.Nf3 Bxc5 7.g3 a6 8.Bg2 O-O
9.Bf4 d6 10.O-O h6 11.a3 e5 12.Bd2 Be6 13.b3 Nc6 14.e3 Ne7 15.Qb2 Rac8 16.Rac1 Qb8
17.Rfd1 Ba7 18.Na2 Ne4 19.Bb4 Nc5 20.Nc3 Bf5 21.Nh4 Bh7 22.Bxc5 Bxc5 23.Ne4 Bxe4
24.Bxe4 f5 25.Bb1 Qc7 26.b4 Ba7 27.Ba2 Kh8 28.c5 dxc5 29.Be6 Rcd8 30.Rxd8 Rxd8
31.Nxf5 Nxf5 32.Bxf5 c4 33.b5 axb5 34.Qxb5 Qc5 35.Qxc5 Bxc5 36.a4 b6 37.Rxc4 Rd1+
38.Kg2 Ra1 39.Kf3 Kg8 40.Bc2 Kf7 41.Be4 Kf6 42.Bc6 Ra2 43.Bd5 Ra1 44.h4 g6
45.Ke4 Ra3 46.g4 g5 47.hxg5+ hxg5 48.Kf3 Ra1 49.Bc6 Ra2 50.Rc1 e4+ 51.Bxe4 Rxa4
52.Rh1 Kg7 53.Rh7+ Kf8 54.Bd5 Rb4 55.Rf7+ Ke8 56.Rf5 Be7 57.Bc6+ Kd8 58.Rb5 Rxb5
59.Bxb5 Bb4 60.Ke4 Be1 61.f4 gxf4 62.exf4 Ke7 63.g5 Bd2 64.Kf5 Kf7 65.Kg4 Bb4
66.f5 Be7 67.Kh5 Kg7 68.Bc4 Bd8 69.Kg4 Be7 70.Kf4 Bd8 71.f6+  1/2-1/2

[Event "46th Annual World Open"]
[Site "Philadelphia USA"]
[Date "2018.07.07"]
[Round "6"]
[White "Valido,C"]
[Black "Krush,I"]
[Result "0-1"]
[WhiteElo "2262"]
[BlackElo "2422"]

1.b3 g6 2.Bb2 Nf6 3.Bxf6 exf6 4.c4 d5 5.cxd5 Qxd5 6.Nc3 Qd8 7.g3 h5 8.Nf3 Nc6
9.Bg2 Ne5 10.d4 Nxf3+ 11.Bxf3 h4 12.Qd3 c6 13.Rd1 Bb4 14.O-O Bh3 15.Rfe1 hxg3
16.hxg3 Qa5 17.Rc1 Kf8 18.Red1 Kg7 19.d5 Rad8 20.Qc4 Ba3 21.Rb1 Bb4 22.Rbc1 b5
23.Qd4 c5 24.Qd3 c4 25.Qd4 Bd6 26.bxc4 Be5 27.Qd2 bxc4 28.Ne4 Qa6 29.Qb4 f5
30.Ng5 Qf6 31.Nxh3 Rxh3 32.Kg2 Rdh8 33.Rh1 Rxh1 34.Rxh1 Rxh1 35.Kxh1 c3 36.Qc4 Qb6
37.Qd3 Qxf2 38.Bg2 Qe1+  0-1

[Event "46th Annual World Open"]
[Site "Philadelphia USA"]
[Date "2018.07.07"]
[Round "7"]
[White "Krush,I"]
[Black "Daggupati,Balaji"]
[Result "1/2-1/2"]
[WhiteElo "2422"]
[BlackElo "2207"]

1.Nf3 d5 2.g3 Bg4 3.Bg2 Nd7 4.O-O c6 5.d3 Ngf6 6.Nbd2 e6 7.e4 Be7 8.h3 Bh5
9.b3 O-O 10.Bb2 dxe4 11.dxe4 h6 12.Qe2 Qc7 13.e5 Nd5 14.c4 N5b6 15.Bd4 Rfd8
16.Qe3 c5 17.Bb2 Nb8 18.Ne1 Nc6 19.f4 Bg6 20.Ne4 Nd4 21.Rc1 Rd7 22.Nf3 Nxf3+
23.Bxf3 Rad8 24.Rcd1 Rxd1 25.Rxd1 Rxd1+ 26.Bxd1 Nd7 27.g4 Qa5 28.Nc3 Nb8
29.Bf3 Qb6 30.Qd2 Nc6 31.Qd7 Nd4 32.Bxb7 Bh4 33.Kh2 Nxb3 34.f5 exf5 35.axb3 Qxb3
36.gxf5 Qxb2+ 37.Bg2 Qxc3 38.Qc8+ Kh7 39.fxg6+ fxg6 40.Qxc5 Bg3+ 41.Kh1 Bxe5
42.Qxa7 Bd4 43.Qf7 Bf6 44.Qa7 Qxc4 45.Qf2 Be5 46.Qf3 Qc1+ 47.Bf1 Qd2 48.Be2 h5
49.Kg2 Qg5+ 50.Kh1 Bd4 51.Qf1 Kh6 52.Bf3 Qg3 53.Be2 Be5 54.Qg2 Qe1+ 55.Qf1 Qc3
56.Qf3 Qe1+ 57.Qf1 Qh4 58.Qf3 g5 59.Kg2 g6 60.Qf8+ Bg7 61.Qf3 Qf4 62.Qxf4 gxf4
63.h4 Bf6 64.Kf3 Bxh4 65.Kxf4 Be1 66.Bd1 Bb4 67.Kg3 g5 68.Kh3 g4+ 69.Bxg4 hxg4+
70.Kxg4  1/2-1/2

[Event "46th Annual World Open"]
[Site "Philadelphia USA"]
[Date "2018.07.08"]
[Round "9"]
[White "Krush,I"]
[Black "Shtembuliak,E"]
[Result "1-0"]
[WhiteElo "2422"]
[BlackElo "2517"]

1.d4 g6 2.c4 Bg7 3.e4 d6 4.Nc3 e5 5.d5 a5 6.Bd3 Na6 7.Nge2 Nc5 8.O-O h5 9.Bc2 h4
10.a3 h3 11.g3 f5 12.f4 Nh6 13.fxe5 Bxe5 14.Bxh6 Rxh6 15.Qd2 Rh5 16.Nf4 Qg5
17.Rae1 a4 18.exf5 gxf5 19.Qd1 Rh4 20.Kh1 Rg4 21.Nb5 Kd8 22.Rxe5 dxe5 23.Ne6+ Bxe6
24.dxe6+ Ke7 25.Rxf5 Rd8 26.Qf1 Nxe6 27.Rxg5 Rxg5 28.Qxh3 Rd2 29.Nc3 Rg7
30.Bf5 Ng5 31.Qh6 Kf8 32.Ne4 Rd1+ 33.Kg2  1-0

[Event "Olympiad Women 2018"]
[Site "Batumi GEO"]
[Date "2018.10.02"]
[Round "8.3"]
[White "Sedina,E"]
[Black "Krush,I"]
[Result "0-1"]
[WhiteElo "2267"]
[BlackElo "2423"]

1.e4 c5 2.Nf3 d6 3.Bb5+ Nd7 4.d4 Nf6 5.O-O cxd4 6.Qxd4 a6 7.Bxd7+ Bxd7 8.c4 g6
9.Nc3 Bg7 10.a4 O-O 11.Bg5 Rc8 12.Qd3 Be6 13.b3 Nd7 14.Rac1 Nc5 15.Qb1 Qb6
16.Nd2 Bxc3 17.Rxc3 Qb4 18.Rfc1 f6 19.Bh6 Rfe8 20.Nf1 b5 21.axb5 axb5 22.Ne3 bxc4
23.Nxc4 Rb8 24.Nd2 Bxb3 25.Be3 Be6 26.Qxb4 Rxb4 27.Bxc5 dxc5 28.Rxc5 Rd8
29.Nf1 Rxe4 30.f3 Ra4 31.R5c2 Kf7 32.Kf2 h5 33.Re1 Rd7 34.Rce2 Bc4 35.Rc2 e5
36.Nd2 Bd3 37.Rb2 g5 38.h3 h4 39.Ne4 Rc7 40.Rd2 Rc2 41.Rxc2 Bxc2 42.Nc3 Rd4
43.Re2 Bf5 44.Rb2 Kg6 45.Ne2 Rc4 46.Ke3 Ra4 47.Kf2 Ra3 48.Rd2 Bd3 49.Nc1 Ba6
50.Na2 Rb3 51.Nc1 Rb1 52.Rc2 Kf5 53.Ke3 Bb5 54.Na2 Ba4 55.Rd2 Rb3+ 56.Kf2 Bb5
57.Nc1 Rb1 58.Rc2 Kf4 59.Ne2+ Bxe2 60.Rxe2 f5 61.Ra2 e4 62.fxe4 fxe4 63.Ra5 Rb2+
64.Kf1 e3 65.Ra3 Kg3 66.Rxe3+ Kh2 67.Ra3 Rxg2 68.Rb3 Rg3 69.Rb5 Kxh3 70.Kf2 g4
71.Rb4 Kh2 72.Rf4 h3 73.Ke1 Rg1+  0-1

[Event "WCh Women 2018"]
[Site "Khanty-Mansiysk RUS"]
[Date "2018.11.03"]
[Round "1.1"]
[White "Krush,I"]
[Black "Gaponenko,I"]
[Result "1/2-1/2"]
[WhiteElo "2434"]
[BlackElo "2420"]

1.d4 Nf6 2.c4 g6 3.Nc3 Bg7 4.e4 d6 5.Nf3 O-O 6.Be2 e5 7.O-O exd4 8.Nxd4 Re8
9.f3 Nc6 10.Be3 Nh5 11.Nxc6 bxc6 12.Qd2 f5 13.Rae1 f4 14.Bxf4 Nxf4 15.Qxf4 Bd4+
16.Kh1 Rb8 17.Qd2 Qf6 18.Rd1 Be5 19.f4 Bxc3 20.bxc3 Rxe4 21.c5 d5 22.Bd3 Ra4
23.Rde1 Bf5 24.Bxf5 gxf5 25.Re5 Re4 26.Re1 Qf8 27.h3 Re8 28.R1xe4 dxe4 29.Qd7 Rxe5
30.fxe5 e3 31.e6 e2 32.Qd2 Qf6 33.Qxe2 Kf8 34.Qd3 Qxe6 35.Qd8+ Kf7 36.Qxc7+ Kf6
37.Qd8+ Kf7 38.Qb8 Qxa2 39.Qc7+ Kf6 40.Qd8+ Kf7 41.Qh8 Kg6 42.Qe8+ Kf6 43.Qh8+ Kg6
44.Qe8+ Kf6 45.Qh8+  1/2-1/2

[Event "WCh Women 2018"]
[Site "Khanty-Mansiysk RUS"]
[Date "2018.11.04"]
[Round "1.2"]
[White "Gaponenko,I"]
[Black "Krush,I"]
[Result "1/2-1/2"]
[WhiteElo "2420"]
[BlackElo "2434"]

1.e4 c5 2.Nf3 d6 3.d4 cxd4 4.Nxd4 Nf6 5.Nc3 Nc6 6.Bg5 e6 7.Qd2 Be7 8.O-O-O a6
9.f4 Bd7 10.Nf3 b5 11.Bxf6 gxf6 12.Kb1 Qa5 13.Bd3 b4 14.Ne2 Qc5 15.Ng3 h5
16.Rhe1 h4 17.Nf1 a5 18.Qe3 Qxe3 19.Nxe3 Bd8 20.Bb5 Rh5 21.f5 Na7 22.Bxd7+ Kxd7
23.e5 d5 24.fxe6+ fxe6 25.exf6 Bxf6 26.Ng4 Bg7 27.Nge5+ Kd6 28.Nf7+ Kd7 29.N7e5+ Kd6
30.Nf7+ Kd7  1/2-1/2

[Event "WCh Women 2018"]
[Site "Khanty-Mansiysk RUS"]
[Date "2018.11.05"]
[Round "1.4"]
[White "Gaponenko,I"]
[Black "Krush,I"]
[Result "0-1"]
[WhiteElo "2420"]
[BlackElo "2434"]

1.e4 c5 2.Nf3 d6 3.d4 cxd4 4.Nxd4 Nf6 5.Nc3 Nc6 6.Bg5 Qb6 7.Nb3 g6 8.Bxf6 exf6
9.Qd2 Be6 10.O-O-O O-O-O 11.Nd5 Bxd5 12.exd5 Ne5 13.f4 Bh6 14.Qc3+ Kb8 15.Rd4 f5
16.Be2 Nd7 17.Rb4 Qc7 18.Rc4 Qb6 19.Na5 Rc8 20.Qa3 Rxc4 21.Nxc4 Bxf4+ 22.Kb1 Qc5
23.Qb3 Re8 24.Bf3 Nb6 25.Na3 Bxh2 26.c3 h5 27.Nc2 Bg1 28.Nb4 Re1+ 29.Bd1 Qe3
30.Qc2 Nc4 31.Nd3 Rf1 32.a4 Qe4 33.Nc1  0-1

[Event "WCh Women 2018"]
[Site "Khanty-Mansiysk RUS"]
[Date "2018.11.05"]
[Round "1.3"]
[White "Krush,I"]
[Black "Gaponenko,I"]
[Result "1-0"]
[WhiteElo "2434"]
[BlackElo "2420"]

1.d4 Nf6 2.c4 g6 3.Nc3 Bg7 4.e4 d6 5.Nf3 O-O 6.Be2 e5 7.O-O c6 8.d5 Na6 9.Be3 Ng4
10.Bg5 f6 11.Bh4 c5 12.Ne1 Nh6 13.f3 Qe7 14.Nd3 Bd7 15.a3 Nf7 16.b4 b6 17.b5 Nc7
18.a4 a5 19.bxa6 Rxa6 20.Qc2 Rfa8 21.Rfb1 Bh6 22.Bf2 Nd8 23.Ra2 Ne8 24.Bd1 Nb7
25.Rab2 Qd8 26.Qe2 Na5 27.Nc1 Bxc1 28.Rxc1 Nc7 29.Rcb1 Rb8 30.Bc2 Ne8 31.Bd3 Nc7
32.Be3 Ne8 33.g3 Ra7 34.f4 exf4 35.gxf4 Bc8 36.e5 fxe5 37.fxe5 dxe5 38.Bxc5 Rab7
39.Bf2 Nd6 40.Nb5 Bf5 41.Bxf5 Nxf5 42.Qxe5 Nxc4 43.Qe6+ Rf7 44.Re2 Ncd6 45.Nxd6 Qxd6
46.Qxd6 Nxd6 47.Rxb6 Rxb6 48.Bxb6 Rf5 49.a5 Rxd5 50.a6 Nc4 51.Bf2 Rg5+ 52.Kh1 Ra5
53.a7 Kf7 54.Rc2 Nd6 55.Rc7+ Ke6 56.Rxh7 Nb5 57.Rb7 Nxa7 58.Rxa7 Rb5 59.Kg2 Rb4
60.Be3 Kf6 61.Kf3 Rc4 62.Bf4 Rc5 63.h4 Rc6 64.Bg5+ Ke6 65.Re7+ Kf5 66.Rf7+ Ke5
67.Kg4 Rc4+ 68.Rf4 Rc6 69.Bd8 Rc1 70.Kg5 Rc2 71.Bf6+ Ke6 72.Kxg6  1-0

[Event "WCh Women 2018"]
[Site "Khanty-Mansiysk RUS"]
[Date "2018.11.07"]
[Round "2.2"]
[White "Krush,I"]
[Black "Ju Wenjun"]
[Result "1/2-1/2"]
[WhiteElo "2434"]
[BlackElo "2568"]

1.Nf3 d5 2.g3 c6 3.Bg2 Bg4 4.O-O Nd7 5.d3 Ngf6 6.Nbd2 e5 7.h3 Bxf3 8.Nxf3 Bc5
9.a3 a5 10.Rb1 a4 11.Nxe5 Nxe5 12.d4 Bd6 13.dxe5 Bxe5 14.c4 dxc4 15.Qc2 O-O
16.Qxc4 Re8 17.b3 axb3 18.Rxb3 Qe7 19.Be3 Rac8 20.Rc1 Bd6 21.a4 Rc7 22.Bb6 Rd7
23.Re3 Qf8 24.Rd3 Qe7 25.Rcd1 Bb8 26.e3 Rxd3 27.Qxd3 Bc7 28.Qb3 Bxb6 29.Qxb6 Rc8
30.a5 h6 31.Rb1 Rc7 32.Qa7 g6 33.Qb8+ Kg7 34.Ra1 Qe5 35.Ra4 Re7 36.Qxe5 Rxe5
37.a6 bxa6 38.Rxa6 c5 39.Rc6 g5 40.Kf1 h5 41.Ke1 g4 42.h4 Rf5 43.Rc7 Re5
44.Bb7 Ne8 45.Rc6 Re7 46.Rb6 Re6 47.Rb1 Nd6 48.Bd5 Re5 49.Bg2 Kf6 50.Ke2 c4
51.Ra1 Rb5 52.Ra6 Ke6 53.Rc6 Rb2+ 54.Ke1 Rb1+ 55.Ke2 Rb2+ 56.Ke1 Rb1+ 57.Ke2 Rb2+  1/2-1/2

[Event "1st Cairns Cup 2019"]
[Site "Saint Louis USA"]
[Date "2019.02.06"]
[Round "1.2"]
[White "Dzagnidze,N"]
[Black "Krush,I"]
[Result "0-1"]
[WhiteElo "2513"]
[BlackElo "2435"]

1.c4 c5 2.Nf3 Nc6 3.Nc3 g6 4.g3 Bg7 5.Bg2 e6 6.d3 d5 7.Bg5 Nge7 8.O-O O-O
9.Qc1 d4 10.Na4 b6 11.a3 f6 12.Bd2 Qd6 13.b4 Rb8 14.Rb1 Bd7 15.Qc2 Rfc8 16.bxc5 bxc5
17.Rxb8 Rxb8 18.Rb1 Rxb1+ 19.Qxb1 Nd8 20.Qb3 Bf8 21.h4 Qc6 22.Qb8 Nc8 23.Nb2 Qb6
24.Qxb6 axb6 25.Ne1 Nc6 26.Nc2 Na5 27.Na1 Bd6 28.a4 Bc7 29.Bxa5 bxa5 30.Nb3 Bb6
31.e3 e5 32.Bd5+ Kf8 33.e4 Ke7 34.Kg2 Kd6 35.Bb7 Ne7 36.f3 f5 37.Ba6 h6 38.Bb5 Be6
39.Nd1 Nc6 40.Nb2 Nb4 41.Nd2 Ke7 42.Kf2 Kf7 43.Nb3 h5 44.f4 fxe4 45.dxe4 exf4
46.gxf4 Bg4 47.Nc1 Bc7 48.Kg3 Bc8 49.Nbd3 Bd6 50.Nxb4 cxb4 51.Nb3 d3 52.Kf3 Be7
53.Nxa5 Bxh4 54.Nc6 d2 55.Ke2 Be1 56.Ne5+ Kg7 57.a5 b3 58.Ba4 b2 59.Bc2 h4
60.f5 h3 61.Ng4 gxf5 62.exf5 Ba6 63.f6+ Kf7 64.Bd3 Bc8 65.Nh2 Kxf6 66.Kd1 Ba6
67.Ng4+ Kg5 68.Ne5 Kf4 69.c5 Kxe5  0-1

[Event "1st Cairns Cup 2019"]
[Site "Saint Louis USA"]
[Date "2019.02.08"]
[Round "3.3"]
[White "Paehtz,E"]
[Black "Krush,I"]
[Result "1/2-1/2"]
[WhiteElo "2466"]
[BlackElo "2435"]

1.e4 c5 2.Nf3 d6 3.d4 cxd4 4.Nxd4 Nf6 5.Nc3 Nc6 6.Bg5 e6 7.Qd2 a6 8.O-O-O Bd7
9.f3 Nxd4 10.Qxd4 Be7 11.Bxf6 Bxf6 12.Qxd6 Bxc3 13.bxc3 Rc8 14.Rd3 Qe7 15.Kb2 Rc6
16.Qxe7+ Kxe7 17.e5 Rhc8 18.Re3 Rb6+ 19.Kc1 Bb5 20.Bxb5 Rxb5 21.Rd1 Ra5 22.Kb2 Rb5+
23.Kc1 Ra5 24.Kb2 Rb5+ 25.Kc1  1/2-1/2

[Event "1st Cairns Cup 2019"]
[Site "Saint Louis USA"]
[Date "2019.02.09"]
[Round "4.2"]
[White "Krush,I"]
[Black "Zatonskih,A"]
[Result "1-0"]
[WhiteElo "2435"]
[BlackElo "2428"]

1.d4 d5 2.c4 e6 3.Nc3 Be7 4.cxd5 exd5 5.Bf4 c6 6.e3 Bd6 7.Qf3 Bxf4 8.Qxf4 Qf6
9.Qc7 Ne7 10.Bd3 O-O 11.Nf3 Ng6 12.O-O b6 13.Rac1 Ba6 14.Bxa6 Nxa6 15.Qb7 Nb4
16.a3 Rfb8 17.Qc7 Na6 18.Qg3 Rd8 19.b4 Rac8 20.b5 Nc7 21.bxc6 Ne8 22.h4 Qxc6
23.h5 Ne7 24.Ne5 Qe6 25.Ne2 h6 26.a4 Nf6 27.Qh4 Rxc1 28.Rxc1 Rc8 29.Rxc8+ Qxc8
30.g4 Nc6 31.f3 Nxe5 32.dxe5 Nd7 33.Qe7 Qc2 34.e6 fxe6 35.Qxe6+ Kh7 36.Nd4 Nc5
37.Qe8 Qc1+ 38.Kg2 Qd2+ 39.Kh3 Ne4 40.Qg6+ Kh8 41.Ne6 Ng5+ 42.Nxg5 hxg5 43.Qxg5 Qd1
44.Qd8+ Kh7 45.Qf8 d4 46.Qf5+ Kh8 47.exd4 Qh1+ 48.Kg3 Qg1+ 49.Kh4 Qxd4 50.Qf8+ Kh7
51.f4 a6 52.Qf5+ Kh8 53.Qe5 Qxa4 54.Qb8+ Kh7 55.g5 g6 56.Qc7+ Kg8 57.hxg6 Qa2
58.Qh7+ Kf8 59.g7+  1-0

[Event "1st Cairns Cup 2019"]
[Site "Saint Louis USA"]
[Date "2019.02.10"]
[Round "5.2"]
[White "Abdumalik,Z"]
[Black "Krush,I"]
[Result "0-1"]
[WhiteElo "2468"]
[BlackElo "2435"]

1.e4 c6 2.d4 d5 3.exd5 cxd5 4.Nf3 Nf6 5.Ne5 g6 6.Bb5+ Nbd7 7.O-O Bg7 8.c3 O-O
9.f4 Ne4 10.Bd3 Ndf6 11.Nd2 Bf5 12.Ndf3 e6 13.Qe1 Nd6 14.Be2 b5 15.h3 Qc7
16.b3 Be4 17.Ba3 Bxf3 18.Rxf3 Nfe4 19.Rc1 Rfc8 20.Kh2 a5 21.Bd3 Qa7 22.Rc2 b4
23.cxb4 Rxc2 24.Bxc2 axb4 25.Bxb4 Qxa2 26.Bd3 Qb2 27.Bxd6 Nxd6 28.Qb4 Bf8
29.Qb6 Qd2 30.Bf1 h5 31.Qc6 Ra1 32.Qd7 Qxd4 33.Nc6 Qf6 34.b4 Ne4 35.Bd3 h4
36.Qc7 Ng3 37.Rxg3 hxg3+ 38.Kxg3 Ra3 39.Ne5 Bh6 40.Qc1 Kg7 41.Qe3 Rb3 42.b5 Rb4
43.Ng4 Bxf4+ 44.Kf3 Qc3 45.Qe2 e5  0-1

[Event "1st Cairns Cup 2019"]
[Site "Saint Louis USA"]
[Date "2019.02.13"]
[Round "7.3"]
[White "Khotenashvili,B"]
[Black "Krush,I"]
[Result "1-0"]
[WhiteElo "2491"]
[BlackElo "2435"]

1.d4 d5 2.Nf3 Nf6 3.Bf4 c5 4.e3 Nc6 5.Nbd2 cxd4 6.exd4 g6 7.c3 Bg7 8.h3 O-O
9.Bd3 Bd7 10.O-O Qc8 11.Re1 a6 12.Ne5 Nxe5 13.dxe5 Ne8 14.Bg5 Qd8 15.Qb3 Nc7
16.Qxb7 Rb8 17.Qa7 Ne6 18.Bh4 Rxb2 19.Nb3 g5 20.Bg3 Bb5 21.Bf5 Nf4 22.Bxf4 gxf4
23.Qd4 Bc4 24.Qxf4 e6 25.Qc1 Re2 26.Rxe2 Bxe2 27.Bxh7+ Kxh7 28.Qc2+ Kg8 29.Qxe2 Qc7
30.f4 Qxc3 31.Rf1 a5 32.Kh2 a4 33.Rf3 Qb4 34.Nc1 Rb8 35.Nd3 Qd4 36.Qd1 Rc8
37.Rg3 Qe4 38.Qg4 Qg6 39.Qd1 Qe4 40.Qg4 Qg6 41.Qh4 Qh7 42.Qe7 Qe4 43.Qf6 Qh7
44.Nc5 Kh8 45.Qxf7 Rxc5 46.Rg5 Rc8 47.Rh5 Qxh5 48.Qxh5+ Kg8 49.Qg6  1-0

[Event "1st Cairns Cup 2019"]
[Site "Saint Louis USA"]
[Date "2019.02.14"]
[Round "8.3"]
[White "Sebag,M"]
[Black "Krush,I"]
[Result "1-0"]
[WhiteElo "2476"]
[BlackElo "2435"]

1.e4 c5 2.Nf3 d6 3.d4 Nf6 4.Nc3 cxd4 5.Nxd4 Nc6 6.Bg5 e6 7.Qd2 a6 8.O-O-O Be7
9.f3 Nxd4 10.Qxd4 O-O 11.h4 b5 12.Kb1 Qa5 13.Qd2 b4 14.Ne2 e5 15.g4 Be6 16.Nc1 Rfd8
17.Bxf6 Bxf6 18.g5 Be7 19.Bh3 Bc4 20.b3 Bb5 21.Nd3 Bxd3 22.Qxd3 d5 23.exd5 Bc5
24.Qe4 Bd4 25.Rxd4 exd4 26.d6 Qc5 27.d7 a5 28.Rd1 a4 29.Qxd4 Qa5 30.Rd2 Qc7
31.f4 axb3 32.cxb3 Rab8 33.h5 Qb6 34.Qxb6 Rxb6 35.Kb2 h6 36.Rd5 Kf8 37.a3 bxa3+
38.Kxa3 Ra8+ 39.Kb2 Ke7 40.Re5+ Kd6 41.Re8 Rbb8 42.Rc8  1-0

[Event "1st Cairns Cup 2019"]
[Site "Saint Louis USA"]
[Date "2019.02.15"]
[Round "9.2"]
[White "Krush,I"]
[Black "Harika,D"]
[Result "1-0"]
[WhiteElo "2435"]
[BlackElo "2471"]

1.d4 Nf6 2.c4 g6 3.Nc3 Bg7 4.e4 O-O 5.Nf3 d6 6.Be2 e5 7.O-O Na6 8.Be3 c6
9.d5 Ng4 10.Bg5 f6 11.Bh4 c5 12.Nd2 h5 13.a3 Bd7 14.Rb1 Qe7 15.b4 b6 16.Nb5 Rfc8
17.Rb3 Nh6 18.f3 Nf7 19.Bf2 Bh6 20.Rb2 Bg5 21.Qe1 Nc7 22.bxc5 bxc5 23.Nb3 Ne8
24.Qa5 f5 25.Bd3 a6 26.Nc3 Qd8 27.Rfb1 Rab8 28.Ne2 h4 29.h3 Rb6 30.Nbc1 Rxb2
31.Qxd8 Bxd8 32.Rxb2 Ra8 33.Nc3 g5 34.exf5 Ng7 35.N1e2 Nxf5 36.Ne4 Nd4 37.N2c3 Bc8
38.Be3 Kg7 39.Kf2 Kh6 40.Rb1 Bc7 41.Bd2 Ra7 42.Nxg5 Nxg5 43.Ne4 Kg7 44.Bxg5 Nf5
45.Rb2 Kg6 46.Bxh4 Nxh4 47.Nxd6+ Bf5 48.Nxf5 Nxf5 49.g4 Kg5 50.Bxf5 Kf4 51.h4 Bd8
52.h5 Bg5 53.d6 a5 54.Rb8 Ra6 55.h6 Rxd6 56.h7 Bf6 57.Ke2 a4 58.Be4 Kg5 59.Rg8+ Kh4
60.g5  1-0

[Event "59th ch-USA w 2019"]
[Site "Saint Louis USA"]
[Date "2019.03.20"]
[Round "1.1"]
[White "Krush,I"]
[Black "Nguyen,Emily"]
[Result "1-0"]
[WhiteElo "2451"]
[BlackElo "2143"]

1.d4 d5 2.c4 c6 3.Nf3 Nf6 4.e3 Bf5 5.Nc3 a6 6.Bd3 Bxd3 7.Qxd3 e6 8.O-O Bb4
9.a3 Bxc3 10.bxc3 b5 11.cxd5 exd5 12.Nd2 O-O 13.f3 Nbd7 14.e4 dxe4 15.fxe4 c5
16.Qf3 cxd4 17.cxd4 Nc5 18.Bb2 Na4 19.Qb3 Ra7 20.Kh1 Rd7 21.d5 Nxb2 22.Qxb2 Re8
23.Rf4 Nh5 24.Rf5 Nf6 25.Qd4 Qe7 26.Re1 Qxa3 27.h3 Rc8 28.Re3 Qc5 29.Qd3 Qc2
30.Qd4 Qc5 31.Qd3 Ne8 32.Rff3 Nd6 33.e5 Nc4 34.Qf5 Nxe3 35.Qxd7 Rf8 36.e6 Qc1+
37.Kh2 Qxd2 38.exf7+ Kh8 39.Rxe3 Qf2 40.Qe8 Qf4+ 41.Kg1  1-0

[Event "59th ch-USA w 2019"]
[Site "Saint Louis USA"]
[Date "2019.03.21"]
[Round "2.1"]
[White "Wang,Annie"]
[Black "Krush,I"]
[Result "1/2-1/2"]
[WhiteElo "2304"]
[BlackElo "2451"]

1.d4 d5 2.c4 e6 3.Nc3 Bb4 4.Nf3 Nf6 5.e3 O-O 6.Bd3 c5 7.O-O Nc6 8.a3 Bxc3
9.bxc3 dxc4 10.Bxc4 Qc7 11.Qe2 e5 12.d5 e4 13.dxc6 exf3 14.Qxf3 Bg4 15.Qg3 Qxc6
16.f3 Be6 17.Be2 Nd5 18.Bd2 Nb6 19.e4 Bc4 20.Qf2 Rfd8 21.Be3 Rd7 22.Rfd1 Bxe2
23.Qxe2 Rad8 24.Rxd7 Rxd7 25.Rb1 Na4 26.Qc2 h6 27.c4 a6 28.Qb3 b6 29.h3 Rd6
30.Rd1 Rxd1+ 31.Qxd1 b5 32.Qd8+ Kh7 33.cxb5 axb5 34.Qe7 Kg8 35.Qd8+ Kh7 36.Qe7 Kg8
37.Qd8+  1/2-1/2

[Event "59th ch-USA w 2019"]
[Site "Saint Louis USA"]
[Date "2019.03.22"]
[Round "3.1"]
[White "Krush,I"]
[Black "Yu,Jennifer"]
[Result "0-1"]
[WhiteElo "2451"]
[BlackElo "2273"]

1.c4 c6 2.e4 d5 3.exd5 cxd5 4.d4 Nf6 5.Nc3 Nc6 6.Bg5 Be6 7.a3 Qd7 8.Be2 Rd8
9.Bxf6 exf6 10.c5 g6 11.Nf3 h5 12.b4 Bh6 13.b5 Ne7 14.h4 Kf8 15.a4 Kg7 16.a5 Nc8
17.b6 a6 18.Na2 Ne7 19.Nb4 Qc8 20.Ra3 Rde8 21.Rc3 Bd7 22.O-O Bc6 23.Ne1 Nf5
24.Nxc6 Qxc6 25.Nc2 Nxh4 26.Nb4 Qe6 27.Bd3 Bf4 28.c6 Bd6 29.Rc5 Bxc5 30.dxc5 bxc6
31.Nxa6 Qe5 32.Nc7 Re7 33.Qa4 Qg5 34.g3 Nf3+ 35.Kg2 Ne1+ 36.Rxe1 Rxe1 37.Qf4 Qg4
38.f3 Qd7 39.a6 Qe7 40.Qd2 Ra1  0-1